00622nam a22002177a 450000500170000001000110001702000100002803500110003803700160004904000120006508200160007710000200009324500420011324600060015526000510016127000360021230000370024850000610028565000370034665000210038320170124110241.0 a166212 c00.00 a166212 bCen Lib/Ret aDPLbEN a745.52bBIR aBirrell, Verla  aThe textile arts /cby Verla Birrell  b  aNew York bHarper & Brothers Publishers c1959 bNew York a49 East 33rd street  axvi, 514p. :c25cm(Hb)bill. e  aIncludes glossary, bibliographical references and index  aDesigns and symbols -- Textiles  aFabrics textiles